| 000 | 00552nam a22002057a 4500 | ||
|---|---|---|---|
| 003 | OSt | ||
| 005 | 20250904091800.0 | ||
| 008 | 250904t1195 sp a||||r|||| 00| 1 spa d | ||
| 020 | _a84-495-0169-5 | ||
| 040 | _cBesoc | ||
| 080 | _082-34(53) | ||
| 245 | 0 | 4 |
_aLas mil y una noches / _c[Anónimo]. |
| 260 |
_aS.l. : _bM. E. Editores, _c1995. |
||
| 300 |
_a576 p. : _bil. byn ; _c24 cm. |
||
| 490 | 0 | _aCuentos Orientales | |
| 500 | _aVocabulario en pág. 571. | ||
| 650 | 4 |
_aLiteratura árabe _xCuentos |
|
| 655 | 4 | _aCuentos populares | |
| 942 |
_2udc _cLPD _n0 |
||
| 999 |
_c572 _d572 |
||